000 00366nam a2200145Ia 4500
008 230917s9999||||xx |||||||||||||| ||und||
040 _e88037
_aMAIN
041 _aEnglish
082 _a301.441 A14P
100 _aAtal, Yogesh
245 0 _aPoverty question: Search for solutions
260 _aJaipur
_bRawat Publications
_c2002
300 _a184 p.
942 _cBK
999 _c113404
_d113404